00777 a2200253 4500003000700000005001700007008004100024020001800065040002500083041000800108050001800116100001900134245008300153260003500236300003700271336002800308337003000336338002700366504001900393650001000412650003500422650003500457650003100492CBULib20240228154557.0231215b |||||||| |||| 00| 0 eng d a9781138831117 bEnglishcCBULiberda aeng aGE190.C6 Rou aSternfeld, Eva aRoutledge handbook of environmental policy in Chinac/ edited by Eva Sternfeld bRoutledge, c2017.aNew York : axxiii, 384 pages : illustrations 2rdacontentaText |btxt 2rdamediaaUnmediated |bn 2rdacarrieraVolumebnc aIncludes index 0aCHINA 0aCHINA ENVIRONMENTAL CONDITIONS 0aENVIRONMENTAL PROTECTION CHINA 0aENVIRONMENTAL POLICY CHINA